Star Wars Quotes- very easy - Statistics

General Stats
  • This quiz has been taken 43 times
  • The average score is 10 of 15
Answer Stats
Hint Answer % Correct
"Do or do not there is no try" Yoda
100%
"I find your lack of faith disturbing" Darth Vader
94%
"I will never join the dark side, im a jedi" Luke
86%
"Hello there" part 2 Obi Wan
86%
"great kid! dont get cocky." Han Solo
81%
"This is where the fun begins" Anakin
78%
"Ex-Squeeze-Me, But De Mostest Safest Place Would Be Gunga City. Is Where I Grew Up. 'Tis A Hidden City." Jar Jar
78%
"I AM THE SENATE" Palpatine
78%
"you have your moments" Leia
72%
"HGRAAAAAAAAAAAAAAAAAAAAAAAAWW!!!!!!" Chewbacca
69%
"KENOBIIIIIIIIIIIIIIIIIIIIII!!!!" Maul
58%
"The ability to speak does not mke you intelegent" Qui-Gon
56%
"Hello There" grievous
44%
"I've been looking forward to this" Dooku
42%
"Youll find i have many qualities you'll find to dislike" Ahsoka Tano
25%
No matching quizzes found
Score Distribution
Percent of People with Each Score
Percentile by Number Answered
Your Score History
You have not taken this quiz